000 00609nam a2200217 a 4500
001 62559
003 BD-RjUL
005 20211209081111.0
008 170124s1948 nyu 0 eng d
035 _a(BD-RjUL)62685
035 _a2257483
040 _aVCAV
_beng
_cVCAV
_dBD-RjUL
041 _aeng
082 _223
_a361.4
_bDEC 1948
245 0 2 _aA decade of group work /
_cedited by Charles E. Hendry.
260 _aNew York :
_bAssociation Press,
_c1948.
300 _axiii, 189 p. ;
_c22 cm.
650 0 _aSocial group work.
_9177652
700 1 _aHendry, Charles E.,
_d1903-
_9185994
942 _2ddc
_cBK
999 _c62559
_d62559